A Hebrew Christian looks at Romans. (Record no. 17034)

000 -LEADER
fixed length control field 00510nam a2200169 a 4500
001 - CONTROL NUMBER
control field :::00020461$&:&@@
003 - CONTROL NUMBER IDENTIFIER
control field OkBaRHE
005 - DATE AND TIME OF LATEST TRANSACTION
control field 20020307125030.0
008 - FIXED-LENGTH DATA ELEMENTS--GENERAL INFORMATION
fixed length control field s1968 j 000 0 eng u
040 ## - CATALOGING SOURCE
Transcribing agency
100 1# - MAIN ENTRY--PERSONAL NAME
Personal name Mills, Sanford C.
245 12 - TITLE STATEMENT
Title A Hebrew Christian looks at Romans.
260 ## - PUBLICATION, DISTRIBUTION, ETC. (IMPRINT)
Place of publication, distribution, etc Grand Rapids, MI
Name of publisher, distributor, etc Dunham Publishing Company
Date of publication, distribution, etc 1968
300 ## - PHYSICAL DESCRIPTION
Extent 507 p.
942 ## - ADDED ENTRY ELEMENTS (KOHA)
Source of classification or shelving scheme
Koha item type Books
Copies
Barcode Koha item type Lost status Shelving location Copy number Not for loan Withdrawn status Date acquired Full call number Price effective from Permanent Location Date last seen Source of classification or shelving scheme Damaged status
20461Books General Stacks1  2010-04-14BS 2665.3 .M52010-04-14RHEMA Bible Training College2018-03-28